الفتح الوهبي على مشكلات المتنبي / (Record no. 180667)

MARC details
000 -LEADER
fixed length control field 01467namaa2200325 i 4500
003 - CONTROL NUMBER IDENTIFIER
control field EG-GICUC
005 - DATE AND TIME OF LATEST TRANSACTION
control field 20260701112223.0
008 - FIXED-LENGTH DATA ELEMENTS--GENERAL INFORMATION
fixed length control field 260701s1973 iq ||||gr|||| 0|0 p ara d
017 ## - COPYRIGHT OR LEGAL DEPOSIT NUMBER
Copyright or legal deposit number 1973 / 130
Assigning agency المكتبة الوطنية(بغداد)
040 ## - CATALOGING SOURCE
Original cataloging agency EG-GiCUC
Language of cataloging ara
Transcribing agency EG-GiCUC
Modifying agency EG-GiCUC
Description conventions rda
082 04 - DEWEY DECIMAL CLASSIFICATION NUMBER
Edition number 21
Classification number 811.9
Item number J618
092 04 - LOCALLY ASSIGNED DEWEY CALL NUMBER (OCLC)
Edition number 21
Classification number 811.9
Item number J618
099 ## - LOCAL FREE-TEXT CALL NUMBER (OCLC)
Classification number 811.9 J618
100 1# - MAIN ENTRY--PERSONAL NAME
Personal name بن جني، أبو الفتح عثمان،
Dates associated with a name -1002
Relator term مؤلف.
245 12 - TITLE STATEMENT
Title الفتح الوهبي على مشكلات المتنبي /
Statement of responsibility, etc. تأليف أبي الفتح عثمان بن جني ؛ تحقيق محسن غياض.
264 ## - PRODUCTION, PUBLICATION, DISTRIBUTION, MANUFACTURE, AND COPYRIGHT NOTICE
Place of production, publication, distribution, manufacture بغداد :
Name of producer, publisher, distributor, manufacturer مديرية الثقافة العامة،
Date of production, publication, distribution, manufacture, or copyright notice 1973.
300 ## - PHYSICAL DESCRIPTION
Extent 203 ؛ صفحة
Dimensions 24 سم
336 ## - CONTENT TYPE
Source rdacontent
Content type term text
337 ## - MEDIA TYPE
Source rdamedia
Media type term Unmediated
338 ## - CARRIER TYPE
Source rdacarrier
Carrier type term volume
490 ## - SERIES STATEMENT
Series statement سلسلة كتب التراث ؛
Volume/sequential designation العدد 21
504 ## - BIBLIOGRAPHY, ETC. NOTE
Bibliography, etc. note 198-197 ببليوجرافيا: صفحات.
541 ## - IMMEDIATE SOURCE OF ACQUISITION NOTE
Source of acquisition د. جابر عصفور ؛
Address القاهرة ؛
Method of acquisition إهداء ؛
Date of acquisition 2024.
600 10 - SUBJECT ADDED ENTRY--PERSONAL NAME
Personal name المتنبى، ابو الطيب احمد بن الحسين،
Fuller form of name أبو الطيب أحمد بن الحسين بن الحسن عبد الصمد الكندي الكوفي،
Dates associated with a name 915 965- 916او
9 (RLIN) 3502
650 1# - SUBJECT ADDED ENTRY--TOPICAL TERM
Topical term or geographic name entry element الشعر العربي
General subdivision تاريخ ونقد
Source of heading or term qrmak
651 1# - SUBJECT ADDED ENTRY--GEOGRAPHIC NAME
Source of heading or term qrmak
700 1# - ADDED ENTRY--PERSONAL NAME
Personal name غياض، محسن
9 (RLIN) 10869
Relator term محقق.
905 ## - Cataloger and Reviser Names
Cataloger Name Asmaa
942 ## - ADDED ENTRY ELEMENTS (KOHA)
Source of classification or shelving scheme Dewey Decimal Classification
Koha item type Books
Edition 21
Suppress in OPAC No
Holdings
Withdrawn status Lost status Source of classification or shelving scheme Damaged status Not for loan Home library Current library Date acquired Inventory number Total checkouts Full call number Barcode Date last seen Price effective from Koha item type
    Dewey Decimal Classification   Not for loan المكتبة المركزبة الجديدة - جامعة القاهرة قاعة المكتبات المهداة - الدور الرابع 01.07.2026 175330   811.9 J618 J.U. 01000100175330000 01.07.2026 01.07.2026 Books
Cairo University Libraries Portal Implemented & Customized by: Eng. M. Mohamady Contacts: new-lib@cl.cu.edu.eg | cnul@cl.cu.edu.eg
CUCL logo CNUL logo
© All rights reserved — Cairo University Libraries
CUCL logo
Implemented & Customized by: Eng. M. Mohamady Contact: new-lib@cl.cu.edu.eg © All rights reserved — New Central Library
CNUL logo
Implemented & Customized by: Eng. M. Mohamady Contact: cnul@cl.cu.edu.eg © All rights reserved — Cairo National University Library